000
00306nam a2200109Ia 4500
008
200302s9999 xx 000 0 und d
100
_a
Margaret Cottom-Winslow
245
_a
Environmental Design The Best of Architecture & Technology
260
_b
PBC International Inc.,
260
_c
1990
300
_a
247 P.,
999
_c
2428
_d
2428